01234 a2200157 45000010006000000050017000060080041000230030015000640400040000790800099001192450018002182640035002363000019002715050762002901000024010522518520260407155535.0260407a1962 arg spa dAR-UNSa-BCEJYS aAR-UNSa-BCEJYSbspacAR-UNSa-BCEJYS a519.22xTeoría estadística. Modelos estadísticos. Estadística matemática en general 10aEstadística 1aBuenos Aires :bKapeluszc1962 a373 p.c23 cm. a1. Introducción a la estadística - 2. Probabilidades - 3. Variable aleatoria - 4. Pruebas repetidas - 5. La función normal y otras distribuciones - 6. Relevamiento y compilación de datos - 7. Representaciones gráficas - 8. Ajuste e interpolación - 9. Series de frecuencias - 10. Análisis de una serie frecuencias - 11. Series de frecuencia: concentración - 12. Análisis de series cronológicas - 13. Series cronológicas (continuación) - 14. Números índices - 15. Regresión y correlación - 16. Regresión y correlación (complementos) - 17. Teoría de atributos cualitativos - 18. Nociones sobre la teoría de las muestras - 19. Teoría de las muestras (continuación) - 20. Aplicaciones de la teoría de las muestras 1 aToranzos, Fausto I.